000 01138cam a2200229 a 4500
001 000003065
003 DO-SdBNP
005 20251028141623.0
008 800605s1973 ve ao 001 0cspa d
040 _aDO-SdBNP
_cDLC
_dDLC
082 4 _a920.087
_bC146m
_222
100 1 _aCaldera, Rafael,
_d1916-
_99096
245 1 0 _aMoldes para la fragua /
_cRafael Caldera.
260 _aCaracas :
_bSeguros Horizonte,
_c1973.
300 _a144 p. :
_bil. ;
_c24 cm.
505 0 _aBolívar, símbolo de un deber actual -- Andrés Bello, ciudadano de América -- Manuel Vicente Maya, el testimonio discrepante -- Rafael Arévalo González, el acento que no pudo silenciar la mordaza -- José Gregorio Hernández, la lección perenne -- Tulio Febres Cordero, un faro en la provincia -- Andrés Eloy Blanco, el amortiguador de la constituyente -- Dardo Regules, modelo de convivencia -- Aquel obrero que llamamos Cristo -- Jacques Maritain, fe en Dios y en el pueblo.
650 7 _a Estadistas
_z Venezuela
_v Biografía.
_988725
651 0 _aVenezuela
_xBiografía
_926230
910 _aJornada de catalogación
910 _aWM
942 _2ddc
_cLBS1
999 _c2896
_d2896